| 000 | 00446nam a2200169Ia 4500 | ||
|---|---|---|---|
| 008 | 190425s9999 xx 000 0 und d | ||
| 100 | _aMiraflor, Madelaine B. | ||
| 245 | _aCoconut industry now showing resurgence sign/ | ||
| 245 | _cMadelaine B. Miraflor | ||
| 260 | _bManila Bulletin | ||
| 260 | _c2017 | ||
| 300 | _aAugust 25 | ||
| 440 | _aManila Bulletin | ||
| 650 | _aagriculture | ||
| 650 | _aCoconut industry | ||
| 650 | _afarmers | ||
| 999 |
_c361632 _d361632 |
||